The 20th-century art book. (Record no. 353242)

000 -LEADER
fixed length control field 00991 a2200289 4500
003 - CONTROL NUMBER IDENTIFIER
control field OSt
005 - DATE AND TIME OF LATEST TRANSACTION
control field 20180116192359.0
008 - FIXED-LENGTH DATA ELEMENTS--GENERAL INFORMATION
fixed length control field 120702t xxu||||| |||| 00| 0 eng d
010 ## - LIBRARY OF CONGRESS CONTROL NUMBER
LC control number 99231396
020 ## - INTERNATIONAL STANDARD BOOK NUMBER
International Standard Book Number 0714838500 (pbk.)
020 ## - INTERNATIONAL STANDARD BOOK NUMBER
International Standard Book Number 9780714847986
035 ## - SYSTEM CONTROL NUMBER
System control number (DLC) 99231396
035 ## - SYSTEM CONTROL NUMBER
System control number (OCoLC)41439147
040 ## - CATALOGING SOURCE
Transcribing agency 0
082 00 - DEWEY DECIMAL CLASSIFICATION NUMBER
Classification number 709.04
245 04 - TITLE STATEMENT
Title The 20th-century art book.
246 14 - VARYING FORM OF TITLE
Title proper/short title 20th century artbook
246 14 - VARYING FORM OF TITLE
Title proper/short title Twentieth century art book
250 ## - EDITION STATEMENT
Edition statement 1999 ed.
260 ## - PUBLICATION, DISTRIBUTION, ETC.
Place of publication, distribution, etc. London :
Name of publisher, distributor, etc. Phaidon Press,
Date of publication, distribution, etc. 1999.
300 ## - PHYSICAL DESCRIPTION
Extent 503 p. :
Other physical details ill. ;
Dimensions 16 cm.
500 ## - GENERAL NOTE
General note A miniature ed. of the original published in 1996.
500 ## - GENERAL NOTE
General note An A-Z guide to 500 artists, each with a color plate and brief descriptive text; includes glossaries of terms, artistic movements, and museums and galleries.
650 10 - SUBJECT ADDED ENTRY--TOPICAL TERM
Topical term or geographic name entry element Art, Modern
Chronological subdivision 20th century
9 (RLIN) 4969
942 ## - ADDED ENTRY ELEMENTS (KOHA)
Institution code [OBSOLETE] SADA
Koha item type Book
Call number prefix 709.04 TWE 1999
Source of classification or shelving scheme
952 ## - LOCATION AND ITEM INFORMATION (KOHA)
-- BOOK
Holdings
Withdrawn status Lost status Source of classification or shelving scheme Damaged status Not for loan Permanent Location Current Location Date acquired Total Checkouts Total Renewals Full call number Barcode Date last seen Date last checked out Cost, replacement price Price effective from Koha item type
          School of Art Design and Architecture (SADA) School of Art Design and Architecture (SADA) 06/28/2011 4 1 709.04 TWE 1999 SADA0001410 12/12/2012 12/03/2012 764.00 08/05/2011 Book
© 2023 Central Library, National University of Sciences and Technology. All Rights Reserved.